[Event "Barcelona Sants op-B 18th"]
[Site "Barcelona"]
[Date "2016.08.19"]
[Round "1"]
[White "Lecha Garcia, Eduard"]
[Black "Vigo Allepuz, David"]
[Result "0-1"]
[WhiteElo "1816"]
[BlackElo "2019"]
[PlyCount "68"]
[EventDate "2016.08.19"]
[EventType "swiss"]
[EventRounds "10"]
[EventCountry "ESP"]
[SourceTitle "CBM 174 Extra"]
[Source "ChessBase"]
[SourceDate "2016.10.10"]
[SourceVersion "1"]
[SourceVersionDate "2016.10.10"]
[SourceQuality "1"]

1. d4 e6 2. c4 f5 3. Nf3 d5 4. cxd5 exd5 5. Nc3 Nf6 6. Bg5 c6 7. e3 Bd6 8. g3 0-0 9. Bg2 Qe8 10. 0-0 Nbd7 11. Rc1 Ne4 12. Bf4 Qe7 13. Bxd6 Qxd6 14. Nd2 Qh6 15. Qe2 Ndf6 16. Ndxe4 fxe4 17. f3 exf3 18. Bxf3 Bh3 19. Rf2 Rae8 20. Re1 Qg6 21. b4 h5 22. Kh1 Ng4 23. Bxg4 Bxg4 24. Qf1 Rxf2 25. Qxf2 Rf8 26. Qd2 Bf3+ 27. Kg1 h4 28. Ne2 Qg4 29. Nf4 g5 30. Ne2 Qh3 31. Nf4 gxf4 32. exf4 hxg3 33. Re5 gxh2+ 34. Qxh2 Qxh2+ 0-1